000 00712cam a22002292 4500
001 0000023316
005 20151217145940.0
008 121109s xx 000 0 eng d
020 _a0071283687 :
040 _aKABU
_cKABU
050 0 _aQA76.64
_b.W8 2010
100 1 _aWu, C. Thomas.
_@0000154356
245 1 3 _aAn Introduction to object-oriented programming with Java.
250 _a5th ed.
260 _aBoston :
_b McGraw-Hill,
_c2010.
300 _axx, 987 p.
650 0 _aObject oriented programming (Computer science)
_@0000148166
650 0 _aJava (Computer program language)
_@0000148169
852 1 _9p3604 KES
908 _a121109
950 _@1
999 _c4362
_d4362